[Event "8th ECI youth tournament"]
[Site "Eeklo"]
[Date "1981.08.??"]
[Round "1"]
[White "Cardon, Helmut"]
[Black "Bezsilko, Philippe"]
[Result "1-0"]
[WhiteElo "2265"]
[BlackElo "2060"]
[EventDate "1981.08.??"]
[Source "Ed.: D. Van de Bourry, Doorbraak No. 14, KBSK 1981"]

1. d4 Nf6 2. c4 g6 3. Nf3 Bg7 4. g3 d5 5. cxd5 Nxd5 6. Bg2 O-O 7. O-O Nc6
8. Nc3 Nb6 9. e3 Bg4 10. h3 Be6 11. b3 Nd5 12. Ne2 f5 13. Bb2 Bf7 14. Ng5 e6
15. Nxf7 Rxf7 16. Rc1 Qd7 17. a3 Rd8 18. b4 a6 19. Qb3 Nce7 20. Rcd1 Qd6 21. Nc1
e5 22. dxe5 Bxe5 23. Bxe5 Qxe5 24. Nd3 Qc3 25. Nc5 Qxb3 26. Nxb3 c6 27. Rd2 Nc8
28. Nc5 Ncb6 29. a4 a5 30. bxa5 Nc4 31. Rd4 Nxa5 32. Rfd1 b6 33. Ne6 Rd6 34. Nf4
Nb3 35. Rxd5 cxd5 36. Bxd5 Rxd5 37. Nxd5 Nc5 38. Nxb6 Ra7 39. Ra1 Ra6 40. a5 Nb3
41. Ra3 Nc5 42. g4 Kf7 43. gxf5 gxf5 44. Kg2 Kf6 45. Nd5+ Ke5 46. Nc7 Ra7 47. a6
Nd7 48. Nb5 1-0

[Event "8th ECI youth tournament"]
[Site "Eeklo"]
[Date "1981.08.??"]
[Round "1"]
[White "Michiels, Dirk"]
[Black "Jacobs, Byron Anthony"]
[Result "0-1"]
[WhiteElo "2028"]
[BlackElo "2245"]
[EventDate "1981.08.??"]
[Source "Ed.: D. Van de Bourry, Doorbraak No. 14, KBSK 1981"]

1. e4 e5 2. Nf3 Nc6 3. Bb5 a6 4. Ba4 Nf6 5. O-O b5 6. Bb3 Bb7 7. Re1 Bc5 8. c3
d6 9. d4 Bb6 10. Bg5 h6 11. Bh4 Qd7 12. Bxf6 gxf6 13. dxe5 fxe5 14. Nh4 O-O-O
15. Qh5 Rdg8 16. Qxf7 Qxf7 17. Bxf7 Bxf2+ 18. Kxf2 Rf8 19. Nd2 Rxf7+ 20. Ke3 Kd7
21. Rf1 Rxf1 22. Rxf1 Ke6 23. Nf5 Rg8 24. g3 h5 25. Kd3 Nb8 26. Nh6 Rg6 27. Nf7
Ke7 28. Rf3 Rf6 29. Ng5 Nd7 30. Ke3 Nc5 31. Rxf6 Kxf6 32. h4 Na4 33. b4 Nxc3
34. a3 c5 35. bxc5 dxc5 36. Nb3 c4 37. Nc5 Bc8 38. Nf3 Ke7 39. Nxe5 Kd6 0-1

[Event "8th ECI youth tournament"]
[Site "Eeklo"]
[Date "1981.08.??"]
[Round "1"]
[White "Cuijpers, Frans André"]
[Black "James, Simon"]
[Result "0-1"]
[WhiteElo "2217"]
[BlackElo "2020"]
[EventDate "1981.08.??"]
[Source "Ed.: D. Van de Bourry, Doorbraak No. 14, KBSK 1981"]

1. e4 b6 2. d4 Bb7 3. Nc3 e6 4. a3 Nf6 5. Bd3 d5 6. Qf3 c5 7. Bb5+ Nc6 8. Bg5
Be7 9. Bxf6 Bxf6 10. exd5 exd5 11. Qxd5 Qxd5 12. Nxd5 O-O-O 13. Nxf6 Nxd4
14. Kf1 Nxb5 15. Ng4 Nd4 16. Ne3 Ba6+ 17. c4 Nb3 18. Re1 Nd2+ 19. Ke2 Rhe8
20. Rc1 Nxc4 21. Kf3 Nxe3 22. fxe3 Rd2 23. e4 Rxb2 24. Rc3 Bb7 25. Re3 f5 0-1

[Event "8th ECI youth tournament"]
[Site "Eeklo"]
[Date "1981.08.??"]
[Round "1"]
[White "Gobet, Fernand"]
[Black "Gerogiannis, Christodoulos"]
[Result "1-0"]
[WhiteElo "2000"]
[BlackElo "2165"]
[EventDate "1981.08.??"]
[Source "Ed.: D. Van de Bourry, Doorbraak No. 14, KBSK 1981"]

1. e4 e5 2. Nf3 Nf6 3. Nxe5 d6 4. Nf3 Nxe4 5. d4 d5 6. Bd3 Be7 7. O-O Nc6
8. Re1 Bg4 9. c4 Nf6 10. Nc3 O-O 11. cxd5 Nxd5 12. Be4 Be6 13. Qc2 Nf6 14. Bxc6
bxc6 15. Ne5 Qd6 16. Bg5 h6 17. Bxf6 Bxf6 18. Ne4 Qxd4 19. Nxf6+ gxf6 20. Nxc6
Qg4 21. Re3 Kh8 22. Qc3 Qh4 23. Rf3 Kg7 24. g3 Qc4 25. Qxf6+ Kh7 26. Rf4 Qc2
27. Re1 Qd2 28. Rxe6 Qd1+ 29. Kg2 fxe6 30. Qe7+ Kg8 31. Qxe6+ Kg7 32. Qe7+ Kg8
33. Qe6+ Kh7 34. Ne7 Qh5 35. Qe4+ Kg7 36. Rg4+ Kf7 37. Nf5 Rae8 38. Rg7+ Kf6
39. Qd4+ Re5 40. g4 Qe8 41. f4 Qc6+ 42. Kg3 1-0

[Event "8th ECI youth tournament"]
[Site "Eeklo"]
[Date "1981.08.??"]
[Round "1"]
[White "Lanzani, Mario"]
[Black "Hovestadt, Leo"]
[Result "1-0"]
[WhiteElo "2145"]
[BlackElo "2000"]
[EventDate "1981.08.??"]
[Source "Ed.: D. Van de Bourry, Doorbraak No. 14, KBSK 1981"]

1. Nf3 Nf6 2. c4 c5 3. Nc3 Nc6 4. g3 g6 5. Bg2 Bg7 6. O-O O-O 7. d4 cxd4
8. Nxd4 Nxd4 9. Qxd4 d6 10. Qd3 a6 11. Rd1 Qc7 12. b3 Bd7 13. Bb2 Bc6 14. e4
Rab8 15. Rac1 Rfc8 16. Bh3 Bd7 17. Bxd7 Nxd7 18. Nd5 Nc5 19. Qe3 Qd8 20. Bxg7
Kxg7 21. e5 dxe5 22. Qxe5+ f6 23. Qxe7+ Qxe7 24. Nxe7 Re8 25. Nd5 Re2 26. Nc3
Rb2 27. Rd5 b6 28. Rd6 Re8 29. Rxb6 Nd3 30. Rf1 Rc2 31. Nd5 Rxa2 32. Rxf6 Rb8
33. Rb1 a5 34. Rf3 Ne5 35. Rc3 a4 36. c5 a3 37. c6 Rb2 38. Ra1 Nxc6 39. Rxc6
R8xb3 40. Rc7+ Kh6 41. Ra7 Rf3 42. Ne3 Kg5 43. R7xa3 Rfxf2 44. Ra5+ 1-0

[Event "8th ECI youth tournament"]
[Site "Eeklo"]
[Date "1981.08.??"]
[Round "1"]
[White "Petakov, Uroš"]
[Black "Coffey, Seán"]
[Result "1-0"]
[WhiteElo "2000"]
[BlackElo "2144"]
[EventDate "1981.08.??"]
[Source "Ed.: D. Van de Bourry, Doorbraak No. 14, KBSK 1981"]

1. d4 e6 2. c4 Nf6 3. Nf3 Bb4+ 4. Bd2 Qe7 5. a3 Bxd2+ 6. Nbxd2 d6 7. Qc2 e5
8. d5 e4 9. Nd4 e3 10. fxe3 Qxe3 11. Qd3 Qxd3 12. exd3 a5 13. O-O-O O-O 14. Re1
Na6 15. Ne4 Nd7 16. Nb5 Nb6 17. d4 Bd7 18. Nbc3 Na4 19. Nxa4 Bxa4 20. Bd3 Rae8
21. g4 Nb8 22. h4 f6 23. h5 Bd7 24. h6 g6 25. Rhf1 Kh8 26. g5 fxg5 27. Rxf8+
Rxf8 28. Nxg5 Re8 29. Rf1 Bf5 30. Bxf5 gxf5 31. Rxf5 Kg8 32. Rf7 1-0

[Event "8th ECI youth tournament"]
[Site "Eeklo"]
[Date "1981.08.??"]
[Round "1"]
[White "Kaiser, Wolfgang"]
[Black "Sapis, Witalis"]
[Result "0-1"]
[WhiteElo "2144"]
[BlackElo "2000"]
[EventDate "1981.08.??"]
[Source "Ed.: D. Van de Bourry, Doorbraak No. 14, KBSK 1981"]

1. e4 c6 2. Nc3 d5 3. Nf3 Bg4 4. d4 Nf6 5. e5 Ne4 6. Be2 Nxc3 7. bxc3 e6 8. O-O
Nd7 9. a4 Be7 10. Ba3 O-O 11. Nd2 Bxe2 12. Qxe2 c5 13. f4 Rc8 14. Nf3 cxd4
15. cxd4 Bxa3 16. Rxa3 Rc4 17. f5 exf5 18. e6 fxe6 19. Qxe6+ Kh8 20. Rf2 Qc8
21. Ng5 Rxd4 22. Raf3 Qe8 23. Rf1 Rd2 24. Rxf5 Nf6 25. Qd6 h6 26. Ne6 Rf7
27. Nxg7 Qe3+ 28. Kh1 Qe2 29. Qg3 Rxg7 0-1

[Event "8th ECI youth tournament"]
[Site "Eeklo"]
[Date "1981.08.??"]
[Round "1"]
[White "Ånstadt, Tor"]
[Black "Milligan, Thomas"]
[Result "1-0"]
[WhiteElo "1932"]
[BlackElo "2133"]
[EventDate "1981.08.??"]
[Source "Ed.: D. Van de Bourry, Doorbraak No. 14, KBSK 1981"]

1. d4 d6 2. Nf3 g6 3. g3 Bg7 4. Bg2 Nd7 5. c4 e5 6. Nc3 Ne7 7. O-O O-O 8. e4
exd4 9. Nxd4 Nb6 10. b3 a5 11. Bg5 h6 12. Be3 Kh7 13. Qd2 Nc6 14. Rfd1 Ne5
15. h3 c5 16. Ndb5 Bxh3 17. Qe2 Bg4 18. f3 Bd7 19. Rxd6 Nc8 20. Rd2 Qf6 21. Rad1
Bxb5 22. Nxb5 b6 23. f4 1-0

[Event "8th ECI youth tournament"]
[Site "Eeklo"]
[Date "1981.08.??"]
[Round "1"]
[White "Schandorff, Lars"]
[Black "Geenen, Marc"]
[Result "1-0"]
[WhiteElo "2109"]
[BlackElo "1872"]
[EventDate "1981.08.??"]
[Source "Ed.: D. Van de Bourry, Doorbraak No. 14, KBSK 1981"]

1. e4 e5 2. Nf3 Nc6 3. Bb5 f5 4. Nc3 fxe4 5. Nxe4 Nf6 6. Qe2 d5 7. Nxf6+ gxf6
8. Nd4 Qd6 9. Qh5+ Kd8 10. Nxc6+ bxc6 11. Be2 f5 12. d3 Qg6 13. Bg5+ Be7
14. Bxe7+ Kxe7 15. Qh4+ Kd6 16. O-O-O c5 17. f4 e4 18. dxe4 fxe4 19. g4 Bb7
20. f5 Qf7 21. Qg3+ Kc6 22. g5 Rhg8 23. Rhf1 d4 24. Kb1 Rad8 25. Qh4 Kb6 26. g6
hxg6 27. fxg6 Qd5 28. Rg1 c4 29. Rg5 Qc6 30. g7 d3 31. cxd3 cxd3 32. Bxd3 exd3
33. Qb4+ 1-0

[Event "8th ECI youth tournament"]
[Site "Eeklo"]
[Date "1981.08.??"]
[Round "1"]
[White "van der Zalm, Marnix"]
[Black "Feistenauer, Fred"]
[Result "0-1"]
[WhiteElo "1758"]
[BlackElo "2100"]
[EventDate "1981.08.??"]
[Source "Ed.: D. Van de Bourry, Doorbraak No. 14, KBSK 1981"]

1. d4 Nf6 2. c4 e6 3. Nc3 Bb4 4. e3 O-O 5. Ne2 d5 6. a3 Be7 7. Nf4 dxc4 8. Bxc4
c5 9. O-O Nc6 10. d5 exd5 11. Ncxd5 Nxd5 12. Bxd5 Qc7 13. Qh5 Qe5 14. Qf3 Bd7
15. Rd1 Rad8 16. Bd2 Bd6 17. Bc3 Qe7 18. Qg3 Be5 19. Rac1 b6 20. h3 Bxc3
21. Rxc3 Ne5 22. Rc2 Ba4 23. Rdc1 Bxc2 24. Rxc2 Rd6 25. e4 Nc6 26. Rc3 Nd4
27. Qg4 g6 28. h4 Qe5 29. h5 Qxf4 0-1

[Event "8th ECI youth tournament"]
[Site "Eeklo"]
[Date "1981.08.??"]
[Round "1"]
[White "Rehn, Ralf"]
[Black "Welvaert, Dirk"]
[Result "1-0"]
[WhiteElo "2074"]
[BlackElo "1741"]
[EventDate "1981.08.??"]
[Source "Ed.: D. Van de Bourry, Doorbraak No. 14, KBSK 1981"]

1. e4 e5 2. Nf3 Nf6 3. Nc3 Bb4 4. Bc4 Nc6 5. Nd5 d6 6. c3 Bc5 7. d3 Nxd5
8. Bxd5 h6 9. b4 Bb6 10. Qb3 O-O 11. O-O Ne7 12. Bc4 c6 13. Qc2 Ng6 14. Be3 Kh8
15. d4 d5 16. exd5 cxd5 17. Be2 e4 18. Ne1 Be6 19. g3 Bc7 20. Ng2 f5 21. Bh5 Bf7
22. Bxg6 Bxg6 23. c4 dxc4 24. Qxc4 Rc8 25. Qb5 Bb6 26. Rfd1 Be8 27. Qe2 Qd6
28. Qd2 Kh7 29. Bf4 Qd7 30. Be5 Bh5 31. Rdc1 Bf7 32. Ne3 Be6 33. Qb2 g5 34. Ng2
f4 35. Rxc8 Rxc8 36. gxf4 gxf4 37. Qe2 Bd5 38. Nxf4 Rg8+ 39. Kh1 Bc6 40. b5 Bd5
41. f3 1-0

[Event "8th ECI youth tournament"]
[Site "Eeklo"]
[Date "1981.08.??"]
[Round "1"]
[White "Berend, Freddy"]
[Black "Karadağ, Cem"]
[Result "0-1"]
[WhiteElo "1604"]
[BlackElo "2064"]
[EventDate "1981.08.??"]
[Source "Ed.: D. Van de Bourry, Doorbraak No. 14, KBSK 1981"]

1. c4 g6 2. Nf3 Bg7 3. Nc3 Nf6 4. b4 O-O 5. Bb2 d6 6. e3 Nbd7 7. d4 e5 8. dxe5
dxe5 9. Qc2 Qe7 10. c5 a5 11. a3 Re8 12. e4 axb4 13. axb4 Rxa1+ 14. Bxa1 c6
15. Bc4 b6 16. O-O bxc5 17. bxc5 Nxc5 18. Na4 Nfxe4 19. Ng5 Qxg5 20. Nxc5 Nxc5
21. Bxf7+ Kxf7 22. Qxc5 Bh3 23. Qxc6 e4 24. Qc7+ Re7 25. Qg3 Qxg3 26. fxg3+ Bf5
27. Bxg7 Kxg7 28. Kf2 e3+ 0-1

[Event "8th ECI youth tournament"]
[Site "Eeklo"]
[Date "1981.08.??"]
[Round "2"]
[White "Karadağ, Cem"]
[Black "Cardon, Helmut"]
[Result "1/2-1/2"]
[WhiteElo "2064"]
[BlackElo "2265"]
[EventDate "1981.08.??"]
[Source "Ed.: D. Van de Bourry, Doorbraak No. 14, KBSK 1981"]

1. e4 d6 2. d4 Nf6 3. Nc3 g6 4. Be2 Bg7 5. h4 Nc6 6. Be3 e5 7. d5 Nd4 8. Qd2 c6
9. h5 Nxh5 10. Bxh5 gxh5 11. Nce2 Nxe2 12. Nxe2 cxd5 13. Qxd5 Be6 14. Qxb7 O-O
15. Qa6 d5 16. exd5 Qxd5 17. Rd1 Qe4 18. Qd3 Qg6 19. Ng3 Rfc8 20. c3 Rab8
21. Bc1 Bxa2 22. Nf5 Re8 23. Nxg7 Kxg7 24. Qe3 Be6 25. Rd6 Rb6 26. Rxb6 axb6
27. O-O Bd5 28. f3 h6 29. Rd1 Ba8 30. Rd7 h4 31. Kf2 Qg3+ 32. Kf1 Qg6 33. Qf2
Qf6 34. Be3 Rd8 35. Rxd8 Qxd8 36. Bxb6 Qd1+ 37. Qe1 Qxe1+ 38. Kxe1 h3 39. gxh3
Bxf3 40. Kf2 Bd5 41. Ke3 f5 42. Bc7 Kf6 43. Kd3 1/2-1/2

[Event "8th ECI youth tournament"]
[Site "Eeklo"]
[Date "1981.08.??"]
[Round "2"]
[White "Jacobs, Byron Anthony"]
[Black "Gobet, Fernand"]
[Result "0-1"]
[WhiteElo "2245"]
[BlackElo "2000"]
[EventDate "1981.08.??"]
[Source "Ed.: D. Van de Bourry, Doorbraak No. 14, KBSK 1981"]

1. e4 c5 2. f4 e6 3. Nc3 d5 4. Bb5+ Bd7 5. Bxd7+ Qxd7 6. Nf3 Nf6 7. Qe2 Nc6
8. Ne5 Nxe5 9. fxe5 Nxe4 10. Nxe4 dxe4 11. Qxe4 Qd4 12. Qxd4 cxd4 13. Ke2 Be7
14. Kd3 Rc8 15. Re1 h5 16. b3 Rh6 17. Bb2 Rg6 18. Re2 Rg4 19. Rf1 Bc5 20. Rf3
Rd8 21. g3 Rd7 22. Re4 Rxe4 23. Kxe4 Ke7 24. Rf4 Rd5 25. Rh4 f5+ 26. exf6+ gxf6
27. d3 Kf7 28. Bc1 f5+ 29. Kf3 Kg6 30. Bb2 e5 31. Ke2 Be7 32. Rh3 Bg5 33. Kd1 b5
34. a3 Rd6 35. Bc1 Ra6 36. Bb2 Be7 37. b4 Rc6 38. Kd2 Bg5+ 39. Kd1 Rc8 40. Bc1
Bf6 41. Bb2 a6 42. Kd2 Kg5 43. Rh4 Kg6 44. Rh3 e4 45. dxe4 fxe4 46. Bc1 Bg5+
47. Kd1 e3 48. Bb2 e2+ 49. Ke1 Re8 0-1

[Event "8th ECI youth tournament"]
[Site "Eeklo"]
[Date "1981.08.??"]
[Round "2"]
[White "James, Simon"]
[Black "Lanzani, Mario"]
[Result "1/2-1/2"]
[WhiteElo "2020"]
[BlackElo "2145"]
[EventDate "1981.08.??"]
[Source "Ed.: D. Van de Bourry, Doorbraak No. 14, KBSK 1981"]

1. d4 Nf6 2. c4 e6 3. Nc3 Bb4 4. e3 O-O 5. Bd3 c5 6. Nf3 d5 7. O-O dxc4 8. Bxc4
Qe7 9. Qe2 Nc6 10. a3 Ba5 11. Bd2 cxd4 12. exd4 Rd8 13. Be3 Ng4 14. h3 Nxe3
15. fxe3 Bc7 16. b4 h6 17. Bb3 a6 18. Kh1 b6 19. Rac1 Bb7 20. d5 exd5 21. Nxd5
Qd6 22. Nxc7 Qxc7 23. Nd4 Nxd4 24. exd4 Qg3 25. Bxf7+ Kh8 26. d5 Bxd5 27. Bxd5
Rxd5 28. Rf3 Qd6 29. Re3 Qg6 30. Re6 Qd3 31. Qxd3 Rxd3 32. Rxb6 Rxa3 33. Rc7 Kh7
34. Rbb7 Rg3 35. Rc6 1/2-1/2

[Event "8th ECI youth tournament"]
[Site "Eeklo"]
[Date "1981.08.??"]
[Round "2"]
[White "Sapis, Witalis"]
[Black "Schandorff, Lars"]
[Result "1/2-1/2"]
[WhiteElo "2000"]
[BlackElo "2109"]
[EventDate "1981.08.??"]
[Source "Ed.: D. Van de Bourry, Doorbraak No. 14, KBSK 1981"]

1. e4 c5 2. Nf3 d6 3. d4 cxd4 4. Nxd4 Nf6 5. Nc3 a6 6. g3 e6 7. Bg2 Be7 8. O-O
O-O 9. Qe2 Qc7 10. Nd1 Bd7 11. Ne3 Nc6 12. Nb3 Rac8 13. Bd2 Ne5 14. Rfc1 b5
15. Na5 Qb6 16. a3 Nc6 17. Nb3 Nd4 18. Nxd4 Qxd4 19. Bc3 Qb6 20. Rd1 Bc6 21. Ng4
Nxg4 22. Qxg4 e5 23. Rd3 Qb7 24. Re1 f5 25. Qe2 Rcd8 26. Ba5 Rde8 27. f3 d5
28. exd5 Bc5+ 29. Kh1 Bxd5 30. Qd2 Bc6 31. Bb4 Bxb4 32. Qxb4 e4 33. fxe4 Bxe4
34. Rd2 Bxg2+ 35. Rxg2 Rxe1+ 36. Qxe1 Qc6 37. h3 f4 38. gxf4 Rxf4 39. Qe5 Rf1+
1/2-1/2

[Event "8th ECI youth tournament"]
[Site "Eeklo"]
[Date "1981.08.??"]
[Round "2"]
[White "Feistenauer, Fred"]
[Black "Petakov, Uroš"]
[Result "0-1"]
[WhiteElo "2100"]
[BlackElo "2000"]
[EventDate "1981.08.??"]
[Source "Ed.: D. Van de Bourry, Doorbraak No. 14, KBSK 1981"]

1. e4 e6 2. d3 d5 3. Nd2 c5 4. g3 g6 5. Bg2 Bg7 6. Nh3 Ne7 7. O-O Nbc6 8. f4 b5
9. Re1 O-O 10. Nf1 Qb6 11. Rb1 c4+ 12. Kh1 d4 13. g4 Bb7 14. Ng3 Rac8 15. f5 Ne5
16. Rf1 f6 17. Nf4 exf5 18. gxf5 gxf5 19. exf5 Bxg2+ 20. Kxg2 Qc6+ 21. Kg1 cxd3
22. cxd3 Kh8 23. Bd2 Nd5 24. Rc1 Qb7 25. Rxc8 Rxc8 26. Qh5 Nxf4 27. Rxf4 Bf8
28. Ne4 Qg7+ 29. Kf1 Be7 30. Rh4 Rg8 31. Ng3 Ng4 32. Bf4 Bb4 33. a3 Bf8 34. Ke1
b4 35. axb4 Bxb4+ 36. Kf1 a5 37. Ke2 Bf8 38. Kf1 a4 39. Ke2 Qb7 40. Kf1 Qf3+
41. Kg1 h6 0-1

[Event "8th ECI youth tournament"]
[Site "Eeklo"]
[Date "1981.08.??"]
[Round "2"]
[White "Ånstadt, Tor"]
[Black "Rehn, Ralf"]
[Result "1-0"]
[WhiteElo "1932"]
[BlackElo "2074"]
[EventDate "1981.08.??"]
[Source "Ed.: D. Van de Bourry, Doorbraak No. 14, KBSK 1981"]

1. d4 f5 2. Nf3 Nf6 3. g3 g6 4. Bg2 Bg7 5. O-O d6 6. c4 Nc6 7. d5 Ne5 8. Nd4
Bd7 9. b3 O-O 10. f4 Neg4 11. h3 Nh6 12. Nc3 Nh5 13. Kh2 Rc8 14. Bb2 Bf6 15. Qd2
Qe8 16. Rae1 c6 17. e4 cxd5 18. Nxd5 Bc6 19. Nxc6 bxc6 20. Nxf6+ Nxf6 21. e5 Nd7
22. exd6 e6 23. Qd4 Nf6 24. c5 Qd7 25. Re2 Rce8 26. Rfe1 Rf7 27. Qa4 1-0

[Event "8th ECI youth tournament"]
[Site "Eeklo"]
[Date "1981.08.??"]
[Round "2"]
[White "Hovestadt, Leo"]
[Black "Cuijpers, Frans André"]
[Result "1/2-1/2"]
[WhiteElo "2000"]
[BlackElo "2217"]
[EventDate "1981.08.??"]
[Source "Ed.: D. Van de Bourry, Doorbraak No. 14, KBSK 1981"]

1. e4 d6 2. d4 Nf6 3. Nc3 g6 4. Nge2 Bg7 5. g3 O-O 6. Bg2 e5 7. h3 Nc6 8. Be3
Re8 9. O-O Bd7 10. Qd2 a6 11. f4 exd4 12. Nxd4 Nxd4 13. Bxd4 Bc6 14. Rae1 Nd7
15. Bxg7 Kxg7 16. Nd5 f6 17. Qd4 Rb8 18. Nb4 Qe7 19. Nxc6 bxc6 20. Rf3 c5
21. Qc3 d5 22. Rf2 d4 23. Qa3 Qd6 24. c3 Rb6 25. Rd1 Nb8 26. cxd4 cxd4 27. Qxd6
Rxd6 28. Rc2 c6 29. Rc4 Red8 30. e5 fxe5 31. fxe5 Re6 32. Rcxd4 Rde8 33. Rd6
Rxe5 34. Bxc6 Nxc6 35. Rxc6 Re2 36. Rd7+ Kh6 37. Rc4 Rxb2 38. Rh4+ Kg5 39. Rg4+
Kf6 40. Rf4+ Ke5 41. a4 Rc8 42. Rf2 Rxf2 43. Kxf2 Rc2+ 44. Kf3 Rc3+ 45. Kf2 Rc4
46. Rxh7 Rxa4 47. Rg7 Kf6 48. Ra7 Ra3 49. h4 Kf5 50. Rf7+ Kg4 51. Rf6 Ra2+
52. Ke3 Kxg3 1/2-1/2

[Event "8th ECI youth tournament"]
[Site "Eeklo"]
[Date "1981.08.??"]
[Round "2"]
[White "Gerogiannis, Christodoulos"]
[Black "Michiels, Dirk"]
[Result "0-1"]
[WhiteElo "2165"]
[BlackElo "2028"]
[EventDate "1981.08.??"]
[Source "Ed.: D. Van de Bourry, Doorbraak No. 14, KBSK 1981"]

1. d4 e6 2. c4 f5 3. g3 Nf6 4. Bg2 Be7 5. Nc3 O-O 6. Qc2 d6 7. Nf3 Qe8 8. e4
fxe4 9. Nxe4 Qh5 10. O-O Nc6 11. d5 exd5 12. Nxf6+ Bxf6 13. cxd5 Bf5 14. Qc4 Qf7
15. Qb5 Nd8 16. Be3 a6 17. Qb3 c5 18. a4 Nc6 19. Bf4 Na5 20. Qa2 Bd3 21. Rfc1
Be4 22. Nd2 Bxg2 23. Kxg2 Bd4 24. Nf3 Be5 25. Nxe5 dxe5 26. Be3 c4 27. Rd1 Nb3
28. Rab1 b5 29. Qa3 Rad8 30. d6 Qb7+ 31. Kg1 b4 32. Qa2 a5 33. Rbc1 Qf3 34. Rd3
Qf7 35. Rxc4 Qxc4 36. Qxb3 Qxb3 37. Rxb3 Rxd6 38. Bc5 Rd1+ 39. Kg2 Rfd8 40. Bb6
R8d5 41. Re3 Kf7 42. Kf3 R1d2 43. b3 Ke6 44. Bc7 Rc2 45. Bb6 Rc6 46. Ba7 Ra6
47. Bb8 Rb6 48. Bc7 Rb7 0-1

[Event "8th ECI youth tournament"]
[Site "Eeklo"]
[Date "1981.08.??"]
[Round "2"]
[White "Coffey, Seán"]
[Black "van der Zalm, Marnix"]
[Result "1/2-1/2"]
[WhiteElo "2144"]
[BlackElo "1758"]
[EventDate "1981.08.??"]
[Source "Ed.: D. Van de Bourry, Doorbraak No. 14, KBSK 1981"]

1. e4 d6 2. d4 Nf6 3. Nc3 g6 4. Be3 c6 5. f3 b5 6. Qd2 Nbd7 7. Nge2 Nb6 8. b3
a6 9. g4 h5 10. g5 Nfd7 11. h4 Bb7 12. Bg2 Bg7 13. f4 c5 14. Rd1 Qc7 15. O-O
1/2-1/2

[Event "8th ECI youth tournament"]
[Site "Eeklo"]
[Date "1981.08.??"]
[Round "2"]
[White "Geenen, Marc"]
[Black "Kaiser, Wolfgang"]
[Result "1/2-1/2"]
[WhiteElo "1872"]
[BlackElo "2144"]
[EventDate "1981.08.??"]
[Source "Ed.: D. Van de Bourry, Doorbraak No. 14, KBSK 1981"]

1. e4 c5 2. Nf3 d6 3. d4 cxd4 4. Nxd4 Nf6 5. Nc3 g6 6. Be3 Bg7 7. f3 O-O 8. Qd2
Nc6 9. Bc4 Bd7 10. h4 Rc8 11. Bb3 h5 12. O-O-O Ne5 13. Bg5 Rc5 14. Rhe1 b5
15. f4 Nc4 16. Bxc4 Rxc4 17. e5 Nh7 18. exd6 Bxd4 19. dxe7 Qa5 20. exf8=Q+ Nxf8
21. Qxd4 Rxd4 22. Rxd4 Qb6 23. Rd2 Bc6 24. f5 gxf5 25. Nd5 Bxd5 26. Rxd5 Qf2
27. Re8 Kg7 28. b3 1/2-1/2

[Event "8th ECI youth tournament"]
[Site "Eeklo"]
[Date "1981.08.??"]
[Round "2"]
[White "Milligan, Thomas"]
[Black "Berend, Freddy"]
[Result "1/2-1/2"]
[WhiteElo "2133"]
[BlackElo "1604"]
[EventDate "1981.08.??"]
[Source "Ed.: D. Van de Bourry, Doorbraak No. 14, KBSK 1981"]

1. e4 c5 2. Nf3 d6 3. d4 cxd4 4. Nxd4 Nf6 5. Nc3 a6 6. Bc4 e6 7. O-O Be7 8. Bb3
O-O 9. f4 Nbd7 10. Be3 Nc5 11. Qf3 Qc7 12. g4 b5 13. g5 Nfxe4 14. Nxe4 Bb7
15. Nxe6 fxe6 16. Bxc5 dxc5 17. Bxe6+ Kh8 18. f5 Bxg5 19. Rae1 c4 20. h4 Qb6+
21. Kg2 Bxh4 22. Qh5 Qd8 23. Re2 Qg5+ 24. Qxg5 Bxg5 25. Kg3 Be7 26. Rh1 h6
27. Rg1 Rad8 28. Kf4 Bb4 29. c3 g5+ 30. Kg4 Be7 31. Rf1 Kg7 32. Ng3 Bf6 33. Nh5+
Kh7 34. Nxf6+ Rxf6 35. Bxc4 Kh8 36. Re6 Rdf8 37. Rxf6 Rxf6 38. Re1 Kg7 39. Bd3
Rf7 40. Bc2 Bd5 41. b3 Rc7 42. Re3 Kf6 43. Rd3 Rd7 44. c4 Bc6 45. Re3 Rd4+
46. Kg3 Bd7 1/2-1/2

[Event "8th ECI youth tournament"]
[Site "Eeklo"]
[Date "1981.08.??"]
[Round "2"]
[White "Bezsilko, Philippe"]
[Black "Welvaert, Dirk"]
[Result "0-1"]
[WhiteElo "2060"]
[BlackElo "1741"]
[EventDate "1981.08.??"]
[Source "Ed.: D. Van de Bourry, Doorbraak No. 14, KBSK 1981"]

1. e4 d6 2. d4 Nf6 3. Nc3 g6 4. f4 Bg7 5. Nf3 O-O 6. Bd3 Na6 7. e5 Nd7 8. Be3
Rb8 9. O-O c5 10. Qe2 Nb4 11. Rad1 Nxd3 12. Qxd3 b6 13. dxc5 dxc5 14. Rf2 e6
15. Qd6 Rb7 16. Rfd2 Re8 17. Ne4 h6 18. Qd3 Rc7 19. Nd6 Re7 20. Qe4 Ba6 21. c4
Qb8 22. Nh4 Kh7 23. Nxf7 Rxf7 24. Qxg6+ Kg8 25. Qxe6 Nf8 26. Rd8 Rc8 27. Qe8 Qc7
28. Ng6 Kh7 29. Nxf8+ Rxf8 30. Rxc8 Bxc8 31. Qh5 Qf7 32. Qe2 Qg6 33. b3 Bg4
34. Qd2 Bxd1 35. Qxd1 Qe4 36. Qd2 Qc6 37. h3 Rg8 38. Kh2 Qe6 39. Qd3+ Kh8
40. Qe4 Rd8 41. Qb7 Re8 42. Qe4 Bxe5 43. fxe5 Qxe5+ 44. Qxe5+ Rxe5 45. Bxh6 Re2
46. a4 Rb2 47. Bf4 Rxb3 48. Bb8 a6 49. Ba7 Rb4 50. a5 bxa5 51. Bxc5 Rxc4 52. Ba3
Kg8 53. Kg1 Rc3 54. Bd6 a4 0-1

[Event "8th ECI youth tournament"]
[Site "Eeklo"]
[Date "1981.08.??"]
[Round "3"]
[White "Gobet, Fernand"]
[Black "Petakov, Uroš"]
[Result "1-0"]
[WhiteElo "2000"]
[BlackElo "2000"]
[EventDate "1981.08.??"]
[Source "Ed.: D. Van de Bourry, Doorbraak No. 14, KBSK 1981"]

1. e4 e6 2. d4 d5 3. e5 c5 4. Nf3 Nc6 5. c3 f6 6. Bd3 f5 7. O-O Be7 8. dxc5
Bxc5 9. Qe2 a6 10. Nbd2 Nge7 11. Nb3 Ba7 12. h4 g6 13. Bg5 Qc7 14. Bf6 Rf8
15. Rfe1 Bd7 16. Nbd4 Ng8 17. Bg5 h6 18. Bf4 Rf7 19. Qd2 Bxd4 20. cxd4 Rh7
21. Rac1 Qb6 22. Bf1 Nd8 23. Re3 Bc6 24. Ne1 Nf7 25. Rg3 Rg7 26. Be2 Kf8
27. Rcc3 Qd8 28. Nf3 Qe7 29. Qc1 a5 30. Rc5 Qd8 31. a3 a4 32. Bd2 Qd7 33. Ne1
Qe8 34. Bb4 Ne7 35. Nd3 Kg8 36. Nf4 Qd7 37. Rgc3 Nd8 38. Rg3 Kh7 39. Bd2 Ng8
40. Rcc3 Qe7 41. Rh3 Be8 42. Kh2 Nc6 43. Be3 Na5 44. Qc2 h5 45. Nd3 Nc4 46. Bg5
Qf7 47. Nf4 b5 48. Rhd3 Qd7 49. Rd1 Ra6 50. Re1 Qa7 51. Rd1 Rc7 52. Nh3 Kg7
53. Qc1 Qb8 54. f3 Rac6 55. Bxc4 Rxc4 56. Nf4 Qc8 57. Ne2 Rxc3 58. bxc3 Qa6
59. Qe3 Qc6 60. Rg1 Kf8 61. Bd8 Rd7 62. Ba5 Bf7 63. Qg5 Qa8 64. Bb4+ Ke8 65. Nf4
Qd8 66. Qg3 Ne7 67. Kh3 Rb7 68. Re1 Kd7 69. Nd3 Kc8 70. Bxe7 Qxe7 71. Nc5 Ra7
72. Qf4 Be8 73. Qh6 Qf7 74. Qh8 Re7 75. Qf6 Kc7 76. Kg3 Bd7 77. Qxf7 Rxf7
78. Kf4 Re7 79. Kg5 Re8 80. Re2 Kd8 81. Kxg6 Bc8 82. Rb2 Ke7 83. Kxh5 Rg8 84. g4
fxg4 85. fxg4 Rh8+ 86. Kg5 Rg8+ 87. Kf4 Rf8+ 88. Kg3 Rf1 89. Rxb5 Ra1 90. Rb8
Kd8 91. Nxe6+ Kd7 92. Nf4 Kc7 93. Rb4 Rxa3 94. Nxd5+ Kc6 95. Ne7+ Kd7 96. Nxc8
Kxc8 97. Kf4 Ra1 98. Kg5 a3 99. Ra4 Kd7 100. h5 a2 101. h6 Ke6 102. h7 Rh1
103. Rxa2 Rh5+ 1-0